=LDR 00000nam 2200000 4500 =001 INLIS000000000054364 =990 ##$$a 61900994 =990 ##$$a 61900997 =990 ##$$a 61900996 =990 ##$$a 61900995 =005 20200123070802 =990 ##$$a 61900997 =990 ##$$a 61900996 =990 ##$$a 61900997 =990 ##$$a 61900997 =035 ##$$a 0010-0120000142 =990 ##$$a 61900995 =990 ##$$a 61900995 =990 ##$$a 61900996 =990 ##$$a 61900996 =007 ta =990 ##$$a 61900995 =990 ##$$a 61900994 =990 ##$$a 61900994 =990 ##$$a 61900994 =008 200123###########################0#ind## =020 ##$$a 978-602-1097-82-3 =082 ##$$a 899.221 3 =084 ##$$a 899.221 3 SIE n =100 #$$a Siera Grayen =245 1#$$a Near /$c Siera Grayen =260 ##$$a Jakarta :$b Buku Pintar Indonesia,$c 2018 =300 ##$$a 227 hlm. ; $c 20 Cm. =600 #4$$a Fiksi Indonesia =990 ##$$a 05820582 =990 ##$$a 05820582 =990 ##$$a 05820582 =990 ##$$a 05820582 =990 ##$$a 61900994 =990 ##$$a 6202000582 =990 ##$$a 6202000583 =990 ##$$a 6202000584 =990 ##$$a 61900995 =990 ##$$a 6202000582 =990 ##$$a 6202000583 =990 ##$$a 61900994 =990 ##$$a 61900996 =990 ##$$a 6202000582 =990 ##$$a 61900995 =990 ##$$a 61900994 =990 ##$$a 61900997 =990 ##$$a 61900996 =990 ##$$a 61900995 =990 ##$$a 61900994